| 000 | 00565 a2200205 4500 | ||
|---|---|---|---|
| 005 | 20260210105400.0 | ||
| 008 | 260209b |||||||| |||| 00| 0 eng d | ||
| 020 |
_a9781032668024 _cRs. 1295.00 |
||
| 040 | _aMAIN | ||
| 082 |
_a342.5492 _bK527C |
||
| 100 | _aKhan, Arafat Hosen | ||
| 245 | _aConstitution of Bangladesh: People, politics and judicial intervention | ||
| 260 |
_bRoutledge _c2024 _aNew York |
||
| 300 | _avii, 191 | ||
| 650 | _aConstitutional Law | ||
| 650 | _aSouth Asia | ||
| 650 | _aBangladesh | ||
| 650 | _aDemocracy | ||
| 942 | _cBK | ||
| 999 |
_c395254 _d395254 |
||